000 00440nam a22001697a 4500
005 20251108172149.0
008 250721s1992 xx 000 0 ara d
082 1 4 _a922.1/أحم
100 1 _aأمام، عماد جمعة
245 1 0 _aالبارقوري بين الأخوان و الثورة /
264 _c1992.
300 _a225ص
650 1 7 _aالإسلام
650 1 7 _aالتراجم
942 _2ddc
_cBK
999 _c72013
_d72013